Statistics for Gassu's Geographic Groups of Things #3

Click here to take the quiz!

General Stats

  • This quiz has been taken 1,098 times
  • The average score is 36 of 51

Answer Stats

Answer% Correct
Tokyo
96%
Madagascar
96%
English
96%
Oman
94%
Saudi Arabia
94%
Malta
94%
Yemen
93%
French
93%
United Arab Emirates
92%
Kansas
92%
Mississippi
92%
United Kingdom
91%
Iceland
91%
Qatar
91%
Kentucky
91%
Cape Verde
91%
Ireland
90%
Spanish
90%
Chinese
89%
Seychelles
89%
Kuwait
89%
Mauritius
86%
Bahrain
86%
São Tomé and Príncipe
86%
Comoros
84%
Arabic
83%
Russian
79%
Missouri
76%
Osaka
74%
Samoa
73%
Tonga
71%
Tuvalu
69%
Peru
68%
Colorado
68%
Bolivia
66%
O'ahu
64%
Mallorca
63%
Ibiza
58%
Menorca
56%
Hawai'i
56%
Rio Grande
51%
New Zealand
41%
Maui
39%
Nagoya
34%
Yokohama
32%
Kaua'i
23%
Yukon
15%
Lana'i
14%
Moloka'i
13%
Ni'ihau
6%
Kaho'olawe
5%

Score Distribution

Percentile by Number Answered

Percent of People with Each Score

Your Score History

You have not taken this quiz